| 000 | 00549nam a2200217Ia 4500 | ||
|---|---|---|---|
| 003 | OSt | ||
| 005 | 20230408105646.0 | ||
| 008 | 210423s2018 xx 000 0 und d | ||
| 020 | _a978-81-316-0967-5 | ||
| 040 | _cAL | ||
| 041 | _aeng | ||
| 082 |
_a338.9 _223 _bPAYD |
||
| 100 |
_aPAYNE (Anthony);PHILLIPS (Nicola) _984827 |
||
| 245 | _aDevelopment | ||
| 260 |
_aJaipur _bRawat Publications _c2018 |
||
| 300 |
_aviii,221 _bHB |
||
| 365 |
_b995 _cINR |
||
| 650 |
_aEconomics of Development _984828 |
||
| 906 | _aDevelopment | ||
| 942 |
_2ddc _cBK |
||
| 999 |
_c169392 _d169392 |
||